| 000 -CABECERA |
| Longitud fija campo de control |
00633nam a22002053i 4500 |
| 003 - IDENTIFICADOR DEL NÚMERO DE CONTROL |
| Identificador del número de control |
OSt |
| 005 - FECHA Y HORA DE LA ÚLTIMA TRANSACCIÓN |
| Fecha y hora de la última transacción |
20260129175825.0 |
| 008 - CÓDIGOS DE INFORMACIÓN DE LONGITUD FIJA |
| Códigos de información de longitud fija |
251127s2025 xx o ||||0 spa d |
| 020 ## - NÚMERO INTERNACIONAL NORMALIZADO PARA LIBROS |
| Número Internacional Normalizado para Libros (ISBN) |
9788411661621 |
| 040 ## - FUENTE DE LA CATALOGACIÓN |
| Centro transcriptor |
cdmr |
| 100 1# - PUNTO DE ACCESO PRINCIPAL-NOMBRE DE PERSONA |
| Nombre de persona |
Tardivo, Giuliano. |
| 245 10 - MENCIÓN DE TÍTULO |
| Título |
Pluralismo y discursos del odio en España e Italia : |
| Resto del título |
Sociología de la Comunicación del Sur de Europa. |
| 264 #1 - PRODUCCIÓN, PUBLICACIÓN , DISTRIBUCIÓN, FABRICACIÓN Y COPYRIGHT |
| Lugar de producción, publicación, distribución, fabricación |
Barcelona : |
| Nombre del productor, editor, distribuidor, fabricante |
Editorial UOC, |
| Fecha de de producción, publicación, distribución, fabricación o copyright |
2025. |
| 490 1# - MENCIÓN DE SERIE |
| Mención de serie |
Manuales Series ; |
| Designación de volumen o secuencia |
v.748 |
| 650 #0 - PUNTO DE ACCESO ADICIONAL DE MATERIA - TÉRMINO DE MATERIA |
| 9 (RLIN) |
983 |
| Término de materia o nombre geográfico como elemento inicial |
Ètica periodística |
| Subdivisión geográfica |
Europa |
| 650 #0 - PUNTO DE ACCESO ADICIONAL DE MATERIA - TÉRMINO DE MATERIA |
| 9 (RLIN) |
1460 |
| Término de materia o nombre geográfico como elemento inicial |
Sociologia de la comunicació |
| 776 08 - ENLACE A UN FORMATO FÍSICO ADICIONAL |
| Número Internacional Normalizado para Libros (ISBN) |
84-11-66162-8 |
| 776 08 - ENLACE A UN FORMATO FÍSICO ADICIONAL |
| Número Internacional Normalizado para Libros (ISBN) |
84-11-66163-6 |
| 942 ## - ENTRADA DE ELEMENTOS AGREGADOS (KOHA) |
| Koha [por defecto] tipo de item |
Monografies |